Psychiatric mental health nursing / (Record no. 20570)
[ view plain ]
| 000 -LEADER | |
|---|---|
| fixed length control field | 00677nam a2200265 a 4500 |
| 005 - DATE AND TIME OF LATEST TRANSACTION | |
| control field | 20140310183238.0 |
| 008 - FIXED-LENGTH DATA ELEMENTS--GENERAL INFORMATION | |
| fixed length control field | 040611s19uu xx 00 eng d |
| 020 ## - INTERNATIONAL STANDARD BOOK NUMBER | |
| International Standard Book Number | 078156618 |
| 050 ## - LIBRARY OF CONGRESS CALL NUMBER | |
| Classification number | RC 4004 |
| Item number | .V536 2004 |
| 100 ## - MAIN ENTRY--PERSONAL NAME | |
| Personal name | Videbeck, Sheila L. |
| 245 ## - TITLE STATEMENT | |
| Title | Psychiatric mental health nursing / |
| 250 ## - EDITION STATEMENT | |
| Edition statement | 3rd. |
| 260 ## - PUBLICATION, DISTRIBUTION, ETC. (IMPRINT) | |
| Place of publication, distribution, etc | Philadelphia : |
| Name of publisher, distributor, etc | Lippincott Williams & Wilkins, |
| Date of publication, distribution, etc | 2004. |
| 300 ## - PHYSICAL DESCRIPTION | |
| Extent | 591 p. : |
| Dimensions | 25 cm. |
| 521 ## - TARGET AUDIENCE NOTE | |
| Target audience note | |
| 650 ## - SUBJECT ADDED ENTRY--TOPICAL TERM | |
| Topical term or geographic name as entry element | Psychiatric nursing. |
| 650 ## - SUBJECT ADDED ENTRY--TOPICAL TERM | |
| Topical term or geographic name as entry element | Mental disorders-nursing. |
| 942 ## - ADDED ENTRY ELEMENTS (KOHA) | |
| Koha item type | Books |
| Source of classification or shelving scheme | Library of Congress Classification |
| Call number prefix | Foreign |
| Withdrawn status | Lost status | Source of classification or shelving scheme | Damaged status | Home library | Current library | Shelving location | Date acquired | Source of acquisition | Cost, normal purchase price | Total Checkouts | Total Renewals | Full call number | Barcode | Date last seen | Date checked out | Copy number | Price effective from | Koha item type |
|---|---|---|---|---|---|---|---|---|---|---|---|---|---|---|---|---|---|---|
| Library of Congress Classification | College Library | College Library | General Circulation Section | 07/27/2006 | 595.00 | 1 | 3 | RC 4004 .V536 2004 | C7248 | 02/03/2025 | 01/27/2025 | 1 | 10/10/2013 | Books | ||||
| Library of Congress Classification | College Library | College Library | General Circulation Section | 12/12/2013 | RC 4004 .V536 2004 | C7246 | 05/15/2018 | 2 | 12/12/2013 | Books | ||||||||
| Library of Congress Classification | College Library | College Library | General Circulation Section | 12/12/2013 | RC 4004 .V536 2004 | C7247 | 05/15/2018 | 3 | 12/12/2013 | Books | ||||||||
| Library of Congress Classification | College Library | College Library | General Circulation Section | 12/12/2013 | RC 4004 .V536 2004 | C4843 | 05/15/2018 | 4 | 12/12/2013 | Books | ||||||||
| Library of Congress Classification | College Library | College Library | General Circulation Section | 12/12/2013 | 1 | 2 | RC 4004 .V536 2004 | C4844 | 02/03/2025 | 01/27/2025 | 5 | 12/12/2013 | Books | |||||
| Library of Congress Classification | College Library | College Library | General Circulation Section | 12/12/2013 | 1 | 13 | RC 4004 .V536 2004 | C4842 | 05/15/2018 | 12/08/2017 | 6 | 12/12/2013 | Books |